000 01058 a2200253 4500
010 _aENG-88680-81
020 _c3500.00 (set)
_a8182201918 (set)
020 _a8182201926 (v.1)
020 _a8182201934 (v.2)
035 _aEN-72213
037 _bDBAD / PUB
082 1 4 _a840.3
090 _c9148
_d9148
245 1 _aEncyclopaedic dictionary of urdu literature/
_cedited by Abida Samiuddin
260 _aNew Delhi
_bGlobal Vision Publishing House
_c2007
270 _aF-4, 1st Floor, `Hari Sadan' 20, Ansari Road, Daryaganj,
_bNew Delhi
_e110 002
300 _a2 V. (xvi, 310p.; xvi, 311-633p.)
_c24cm (Hb)
490 _aGlobal encyclopaedic literature series; 5
500 _aThis book published in 2 parts & set price is 3500.00, includes index
700 _aAbida Samiuddin
942 _adpl
_cEN
_k840.3 / ENC
999 _c8983
_d8983